00621nam a22001932 450000100060000000300080000600500170001400800390003103500510007004000270012104100080014808200220015610000250017824500630020326000520026630000340031850400320035265100430038435941BD-RjUL20211209052415.0140612r19681967enkabf b 000 0 eng a(BD-RjUL)36038aOCLC ocm00309759 from D970612M aDLCcDLCdBD-RjULbeng aeng a320.966bPRP 19681 aPrice, Joseph Henry.10aPolitical institutions of West Africa /c[by] J. H. Price. aLondon :bHutchinson,cc1967 [Impression 1968]. axii, 266 p. :bill. ;c22 cm. aBibliography: p. [258]-260. 0aAfrica, WestxPolitics and government.